| 000 | 00928nac a22002051u 4500 | ||
|---|---|---|---|
| 020 | _a0852975112 | ||
| 082 |
_a658.8 _bW3351 |
||
| 090 |
_c1187 _d1187 |
||
| 100 | _aWatkins, Charley. | ||
| 245 |
_aMarketing, sales and customer service : _bunderstanding the theory and practice of selling through service / _cCharley Watkins. |
||
| 246 | _aMarketing, sales & customer service | ||
| 260 |
_aCanterbury : _bInstitute of Financial Services, _c1999. |
||
| 300 |
_ax, 348 p. ; _c25 cm. |
||
| 500 | _aCover title: Marketing, sales & customer service. | ||
| 650 |
_aFinancial services industry _xMarketing. |
||
| 650 |
_aFinancial services industry _xCustomer services. |
||
| 710 | _aInstitute of Financial Services (Great Britain) | ||
| 942 |
_cBB _k658.8W3351 |
||
| 999 |
_c1187 _d1187 |
||